01385 a2200241 45000010006000000050017000060080041000230030015000640400040000790800056001192450079001752640039002543000024002935050661003170410008009781000018009867000023010047000028010277000024010557000019010797000021010987000024011195728020260407155835.0260407a1971 arg spa dAR-UNSa-BCEJYS aAR-UNSa-BCEJYSbspacAR-UNSa-BCEJYS a332.1xEconomía regional. Economía territorial 10aMétodos de análisis regionalpuna introducción a la ciencia regional 1aBarcelona :bEdiciones Arielc1971 alii, 815 p.c23 cm. a1. Planeamiento – 2. Proyección de población – 3. Estimación migratoria – 4. Contabilidad social y estimación de la renta regional – 5. Principios sobre el análisis de los flujos interregionales y de la balanza de pagos – 6. Análisis del ciclo regional y del multiplicador – 7. Análisis de la localización industrial y medidas afines – 8. Técnicas input-output regionales e interregionales – 9. Análisis de complejos industriales – 10. Programación lineal interregional – 11. Modelos de interacción gravítales, potenciales y especiales – 12. Los canales de síntesis – 13. Recapitulación y perspectivas  aspa1 aIsard, Walter1 aBramhall, David F.1 aCarrothers, Gerald A.P.1 aCumberland, John H.1 aMoses, Leon N.1 aPrice, Daniel O.1 aSchooler, Eugene W.